000 00660nam a2200265 a 4500
001 nice12345678
003 IN_TiNIC
005 20260116013113.0
008 050524s1977 oxfa grp 000 0 eng
020 _a0631809
_c100
082 0 0 _a262.0017
_bBAK
100 _aBaker, Derek
245 _aRenaissance and Renewal in Christian History
260 _aOxford
_bBlackwell Pub. Ltd
_c1977
300 _a428p
500 _aincludes index and biblioraphy
505 2 _aIndex
650 _aChurch-History
650 _aChurch-Renewal
650 _aChristianity
700 1 _aBaker, Derek
902 _bSRS
942 _cBK
999 _c9665
_d9665